|
|
|
|
| LEADER |
00000nab a2200000 a 4500 |
| 001 |
vtls001519248 |
| 003 |
SK-MaSNL |
| 005 |
20260304223128.0 |
| 008 |
050311c2004 xo 0 slo |
| 015 |
|
|
|a SNBCL2005/2
|
| 035 |
|
|
|a SLK030636
|
| 040 |
|
|
|a SLKCL
|b slo
|c SNKBUCL
|e AACR2
|
| 041 |
1 |
|
|a slo
|b slo
|
| 044 |
|
|
|a xo
|c SK
|
| 080 |
|
|
|a 616.12-005.4:616.153.455-008.61
|2 1981
|
| 245 |
0 |
0 |
|a Metabolizmus glukózy a ischemická choroba srdca u pacientov s normálnou toleranciou glukózy
|c Ferdinando C. Sasso ... [et al.]
|
| 246 |
1 |
0 |
|a Clucose metabolism and coronary heart disease in patients with normal glucose tolerance
|
| 246 |
1 |
1 |
|a Clucose metabolism and coronary heart disease in patients with normal glucose tolerance
|
| 300 |
|
|
|b Tab.
|
| 500 |
|
|
|a JAMA 2004; 291, 1857-1863
|
| 504 |
|
|
|a Res. slov.
|
| 504 |
|
|
|a Bibliogr. odkazy
|
| 650 |
0 |
7 |
|a poruchy metabolizmu cukrov
|2 MESH
|9 260384
|
| 650 |
0 |
7 |
|a diabetes mellitus
|2 MESH
|9 72741
|
| 650 |
0 |
7 |
|a ischémia myokardu
|2 MESH
|9 2498
|
| 650 |
0 |
7 |
|a faktory rizikové
|2 MESH
|9 838956
|
| 650 |
0 |
7 |
|a koronarografia
|2 MESH
|9 14766
|
| 650 |
0 |
7 |
|a produkty pokročilej glykozylácie, konečné
|2 MESH
|9 1556869
|
| 650 |
0 |
7 |
|a glukóza
|2 MESH
|9 18190
|
| 700 |
1 |
|
|a Sasso, Ferdinando C.
|4 aut
|u Institute of Internal Medicine, Faculty of Medicine, Second University of Naples, Neapol, Taliansko
|9 1556870
|
| 700 |
1 |
|
|a Carbonara, Ornella
|4 aut
|9 72900
|
| 700 |
1 |
|
|a Nasti, Rodolfo
|4 aut
|u Institute of Internal Medicine, Faculty of Medicine, Second University of Naples, Neapol, Taliansko
|9 1556871
|
| 700 |
1 |
|
|a Campana, Biagio
|4 aut
|u Institute of Internal Medicine, Faculty of Medicine, Second University of Naples, Neapol, Taliansko
|9 1556872
|
| 700 |
1 |
|
|a Marfella, Raffaele
|4 aut
|u Institute of Internal Medicine, Faculty of Medicine, Second University of Naples, Neapol, Taliansko
|9 1556873
|
| 700 |
1 |
|
|a Torella, Michele
|4 aut
|u Institute of Cardiovascular Surgery, Faculty of Medicine, Second University of Naples, Neapol, Taliansko
|9 1556874
|
| 700 |
1 |
|
|a Nappi, Giannantonio
|4 aut
|u Institute of Cardiovascular Surgery, Faculty of Medicine, Second University of Naples, Neapol, Taliansko
|9 1556875
|
| 700 |
1 |
|
|a Torella, Roberto
|4 aut
|u Institute of Internal Medicine, Faculty of Medicine, Second University of Naples, Neapol, Taliansko
|9 1556876
|
| 700 |
1 |
|
|a Cozzolino, Domenico
|4 aut
|u Institute of Internal Medicine, Faculty of Medicine, Second University of Naples, Neapol, Taliansko
|9 1556877
|
| 700 |
1 |
|
|a Trenkler, Štefan,
|d 1949-
|4 trl
|9 73171
|
| 773 |
0 |
|
|w SERIAL_GENERAL*000115*2004*004*011
|x 1210-4124
|t JAMA
|g Roč. 12, č. 11 (2004), s. 717-723
|
| 850 |
|
|
|a Slovenská lekárska knižnica v Bratislave
|a BA006
|
| 852 |
|
|
|a BA006
|b KIS3GCP
|b 000500000
|
| 999 |
|
|
|c 3166458
|d 3168388
|